Literature on Islam in Telugu (Record no. 4256)

MARC details
000 -LEADER
fixed length control field 00311nam a2200133 a 4500
082 00 - DEWEY DECIMAL CLASSIFICATION NUMBER
Classification number 297 CHIL
100 ## - MAIN ENTRY--AUTHOR NAME
Author name Chinniah, T I
245 ## - TITLE STATEMENT
Title Literature on Islam in Telugu
260 ## - PUBLICATION, DISTRIBUTION, ETC. (IMPRINT)
Place of publication Hyderabad
Name of publisher Osmania University
Year of publication 1976
300 ## - PHYSICAL DESCRIPTION
Number of Pages 171
650 ## - SUBJECT ADDED ENTRY--TOPICAL TERM
Topical Term Islam-Meccan Trade
942 ## - ADDED ENTRY ELEMENTS (KOHA)
Koha item type Reading Reference Book
700 1# -
-- Chinniah, T I
Holdings
Home library Current library Date acquired Source of acquisition Cost, normal purchase price Full call number Accession Number Koha item type
Henry Martyn Institute Library Henry Martyn Institute Library 03/29/2017 Osmania University 100.00 297 CHIL 7987 Reading Reference Book
                   Copyright © 2026 | Henry Martyn Institute | Hyderabad | TS-500052 | INDIA | Implemented by hmi.edu.in
Hit-Count:

Powered by Koha